The Computer chronicles
| Main Author: | |
|---|---|
| Format: | Book |
| Published: |
California :
Wadsworth Publishing Co. ,
1982
|
| Subjects: |
MARC
| LEADER | 00000cam a2200000 7i4500 | ||
|---|---|---|---|
| 001 | 0000007830 | ||
| 002 | 000008401 | ||
| 005 | 20000330.0 | ||
| 020 | |a 0534033962 | ||
| 090 | 0 | 0 | |a 001.6 |b LEC |
| 100 | 1 | |a Lechner, H.D | |
| 245 | 1 | 4 | |a The Computer chronicles |c H.D. Lechner |
| 260 | |a California : |b Wadsworth Publishing Co. , |c 1982 | ||
| 300 | |a 391 p. ; |c 25 cm. | ||
| 650 | 0 | 0 | |a Electromic digital computers |
| 650 | 0 | 0 | |a Electronic data processing |
| 999 | |a 0001651 |b BUKU |c PINJAMAN |e PERPUSTAKAAN KOMUNITI PETALING JAYA | ||
| 999 | |a 001649 |b BUKU |c PINJAMAN |e PERPUSTAKAAN KOMUNITI PETALING JAYA | ||